| 000 | 00734nam a22002057a 4500 | ||
|---|---|---|---|
| 999 |
_c177362 _d177362 |
||
| 005 | 20210219120610.0 | ||
| 010 | _aENG-129040 | ||
| 020 |
_c799.00 _a978-1-4087-0707-4 |
||
| 035 | _aEN-112572 | ||
| 037 | _bDBAD/PUB | ||
| 082 | _a320.980904 | ||
| 100 | _aHobsbawm, Eric | ||
| 245 |
_aViva La Revolucion: on Latin America/ _cEric Hobsbawm; edited by Leslie Bethell |
||
| 260 |
_aGurugram _bHachette Book Publishing India Pvt. Ltd. _c2016 |
||
| 270 |
_bGurugram _a4th/5th Floors, Corporate Centre, Plot No- 94, Sec- 44 _e122003 |
||
| 300 |
_a470p. _c24cm(hbk) _bIncluding index. |
||
| 500 | _aTranslated from the Swedish By George Goulding | ||
| 700 | _aBethell, Leslie, Ed. | ||
| 942 |
_2ddc _cEN _h320.980904 _mHOB |
||